000 00659nam a2200193 i 4500
001 123340
003 ES-MaACL
005 20230906192144.0
007 t|
008 070214s1947 sp r ||||1| spa d
100 1 _aQuevedo Pessanha, Carmen de.
_994600
245 1 0 _aVida artística de Mariano Benlliure /
_crecopilada por Carmen de Quevedo Pessanha ; prólogo de José Francés.
260 _aMadrid :
_bEspasa Calpe,
_c1947.
300 _a878 p., 5 lám. :
_bil. ;
_c28 cm.
600 1 4 _aBenlliure, Mariano,
_d1862-1947
_927715
700 1 _aFrancés, José,
_d1883-1964
_952141
852 _aES-MaACL
_jC-5956
_bR.34742
999 _c123340
_d123340